| 000 | 00836cam a2200229 i 4500 | ||
|---|---|---|---|
| 003 | SA-RiAUC | ||
| 005 | 20241221052527.0 | ||
| 008 | 241218s1893 tu g 000r0 ara c | ||
| 040 |
_aSA-JeALM _bara _cSA-RiAUC _erda |
||
| 082 | 0 | 4 | _a412 |
| 090 |
_a412 _bل ب ا |
||
| 100 | 1 |
_aاللبابيدي، أحمد بن مصطفى، _dتوفي 1318 هجري _eمؤلف. |
|
| 245 | 1 | 0 |
_aلطائف اللغة / _cأحمد بن مصطفى اللبابيدي. |
| 264 | 1 |
_aالرياض : _bدار الأخيار، |
|
| 300 |
_a248 صفحة ؛ _c27 سم |
||
| 336 |
_aنص _btxt _2rdacontent _3كتاب |
||
| 337 |
_aبدون وسيط _bn _2rdamedia |
||
| 338 |
_aمجلد _bnc _2rdacarrier |
||
| 650 | 7 |
_aاللغة العربية _xمترادفات ومناقضات _2aucsh |
|
| 942 |
_2ddc _cBOOK _n0 |
||
| 949 |
_aSA-JeALM _d241218 _umohamedma123 _n1 |
||
| 999 |
_c3710 _d3710 |
||